000 01207nam a2200313 i 4500
001 xx004082912
003 NUKAT
005 20260420202739.0
008 170803s1886 gw |001 0dger c
035 _a(OCoLC)1003039427
035 _a(NUKAT)xx004082912
040 _aGD U/EB
_cGD U/EBs
100 1 _aJanssen, Johannes
_d(1829-1891).
_940327
245 1 0 _aVorbereitung des dreißigjährigen Krieges /
_cvon Johannes Janssen.
250 _a1. bis 12. Aufl.
260 _aFreiburg im Breisgau :
_bHerder'sche Verlagshandlung,
_c1886.
300 _aXLIII, [1], 716 s. ;
_c23 cm.
336 _aTekst
_btxt
_2rdacontent
337 _aBez urządzenia pośredniczącego
_bn
_2rdamedia
338 _aWolumin
_bnc
_2rdacarrier
380 _aKsiążki
490 1 _aGeschichte des deutschen Volkes seit dem Ausgang des Mittelalters / von Johannes Janssen ;
_vBd. 5
504 _aIndeks.
650 7 _aWojna trzydziestoletnia (1618-1648)
_2DBN
_937759
651 7 _aNiemcy
_xhistoria.
_2kaba
_95835
710 2 _aHerdersche Verlagsbuchhandlung.
_4pbl
_936009
800 1 _aJanssen, Johannes
_d(1829-1891).
_tGeschichte des deutschen Volkes seit dem Ausgang des Mittelalters
_vBd. 5
_940328
942 _2ddc
_cBK_NM
999 _c27705
_d27705